00451nam a2200109Ia 4500008004100000050002300041100003100064245012500095260008600220300002000306521001500326140724s9999 xx 000 0 und d aBF 723b.P191 2013 aPaneda, Meriza Arabelle A. aLevels of self-esteem and parents' parenting styles of selected teenagers with OFW Parents /cMeriza Arabelle A. Paneda. aLas Piñas, Philippines :bSouthville International School and Colleges,cc2013. a54 p. :c28 cm. aPsychology